Practical object lessons using common objects. (Record no. 9963)

000 -LEADER
fixed length control field 00574nam a2200181 a 4500
001 - CONTROL NUMBER
control field :::00007748$&:&@@
003 - CONTROL NUMBER IDENTIFIER
control field OkBaRHE
005 - DATE AND TIME OF LATEST TRANSACTION
control field 20110308183020.0
008 - FIXED-LENGTH DATA ELEMENTS--GENERAL INFORMATION
fixed length control field s1959 j 000 0 eng u
040 ## - CATALOGING SOURCE
Transcribing agency
100 1# - MAIN ENTRY--PERSONAL NAME
Personal name Mattson, Sylvia M.
245 10 - TITLE STATEMENT
Title Practical object lessons using common objects.
260 ## - PUBLICATION, DISTRIBUTION, ETC. (IMPRINT)
Place of publication, distribution, etc Grand Rapids, MI., :
Name of publisher, distributor, etc Zondervan
Date of publication, distribution, etc c1959
300 ## - PHYSICAL DESCRIPTION
Extent 30 p. ;
Dimensions 19 cm.
650 ## - SUBJECT ADDED ENTRY--TOPICAL TERM
Topical term or geographic name as entry element Object-teaching
942 ## - ADDED ENTRY ELEMENTS (KOHA)
Source of classification or shelving scheme
Koha item type Books
Copies
Date last seen Price effective from Damaged status Permanent Location Full call number Barcode Date acquired Koha item type Withdrawn status Source of classification or shelving scheme Not for loan Shelving location Lost status Copy number
2011-03-082010-04-14 RHEMA Bible Training CollegeBV 1535 .M3P777482010-04-14Books   General Stacks 1